Normal view
MARC view
- NETWORK TROUBLESHOOTING; NETWORK SUPPORT; NETWORK ADMINISTRATION; NETWORKING
Entry Topical Term
001 - CONTROL NUMBER
- control field: 62815
003 - CONTROL NUMBER IDENTIFIER
- control field: NUST
005 - DATE AND TIME OF LATEST TRANSACTION
- control field: 20210628203013.0
008 - FIXED-LENGTH DATA ELEMENTS
- fixed length control field: 210628|| aca||aabn | a|a d
040 ## - CATALOGING SOURCE
- Original cataloging agency: NUST
- Transcribing agency: NUST
150 ## - HEADING--TOPICAL TERM
- Topical term or geographic name entry element: NETWORK TROUBLESHOOTING; NETWORK SUPPORT; NETWORK ADMINISTRATION; NETWORKING
670 ## - SOURCE DATA FOUND
- Source citation: Work cat.: (NUST): Zacker, Craig 62814, The complete reference networking, 2001
